| 000 | 01278nam a22001697a 4500 | ||
|---|---|---|---|
| 003 | URS | ||
| 005 | 20250721100741.0 | ||
| 008 | 250721b |||||||| |||| 00| 0 eng d | ||
| 100 | _aBarco, Harilyn Jr. C. | ||
| 245 |
_aConsumer Buying Behavior on Online Selling Platform Among College Student of University of Rizal Binangonan Campus _bHarilyn Jr. C. Barco, John Mark R. Cayman, Johnlloyd A. Francisco |
||
| 260 | _c2025 | ||
| 300 | _axv, 100 | ||
| 502 |
_aThesis _bBachelor of Science in Business Administration Major in Marketing Management _cURS Binangonan _d2025 |
||
| 520 | _aIn the context of Online Selling Platforms, this abstract described an Undergraduate thesis that examined the purchasing habits of college students at the University of Rizal System Binangonan Campus. The purpose of the study was to shed light on the variables that affected their decisions and actions in the online market. This undergraduate thesis explored the purchasing behaviors of college students at the University of Rizal System Binangonan within the realm of online selling platforms. The study aimed to identify and analyze the various factors that influenced these students' decisions and actions in the online marketplace. | ||
| 700 |
_aJonas D. Ynares _eAdviser |
||
| 942 |
_2lcc _cT |
||
| 999 |
_c83693 _d83692 |
||